FUNDAMENTALS OF MAGNETISM AND ELECTRICITY (Record no. 9357)
[ view plain ]
| 000 -LEADER | |
|---|---|
| fixed length control field | 00456nam a22001577a 4500 |
| 003 - CONTROL NUMBER IDENTIFIER | |
| control field | SGT |
| 020 ## - INTERNATIONAL STANDARD BOOK NUMBER | |
| International Standard Book Number | 9788121909556 |
| 082 ## - DEWEY DECIMAL CLASSIFICATION NUMBER | |
| Classification number | 537, VAS |
| 100 ## - MAIN ENTRY--PERSONAL NAME | |
| Personal name | D. N. VASUDEVA |
| 245 ## - TITLE STATEMENT | |
| Title | FUNDAMENTALS OF MAGNETISM AND ELECTRICITY |
| 260 ## - PUBLICATION, DISTRIBUTION, ETC. (IMPRINT) | |
| Place of publication, distribution, etc | NEW DELHI |
| Name of publisher, distributor, etc | S CHAND |
| Year of Publication | 2014 |
| 300 ## - PAGE DESCRIPTION | |
| No. of Pages | 927 |
| 650 ## - SUBJECT ADDED ENTRY--TOPICAL TERM | |
| Topical term or geographic name as entry element | ELECTRICITY AND ELECTRONICS |
| 653 ## - KEYWORDS--INDEX TERM | |
| Keyword term | VOTER ANALYSIS AND ITS APPLICATIONS , LAW OF INVERSE SQUARES, MAGNETISM, CURRENT ELECTRICITY |
| 942 ## - ADDED ENTRY ELEMENTS (KOHA) | |
| Source of classification or shelving scheme | Dewey Decimal Classification |
| Koha item type | FPS Books |
| Withdrawn status | Lost status | Source of classification or shelving scheme | Damaged status | Not for loan | Collection code | Home library | Current library | Shelving location | Date acquired | Vendor Name | Cost, normal purchase price | SGTU | Bill Number | Total Checkouts | Full call number | Accession No. (Barcode) | Date last seen | Bill Date | Koha item type |
|---|---|---|---|---|---|---|---|---|---|---|---|---|---|---|---|---|---|---|---|
| Dewey Decimal Classification | SCIENCE | SGT Science & Social Sciences Library | SGT Science & Social Sciences Library | Text Book | 30/06/2016 | SPARSH BOOK | 400.00 | SGTU | 1291 | 537, VAS | PS502 | 30/06/2016 | 25/11/2014 | FPS Books | |||||
| Dewey Decimal Classification | SCIENCE | SGT Science & Social Sciences Library | SGT Science & Social Sciences Library | Text Book | 30/06/2016 | SPARSH BOOK | 400.00 | SGTU | 1291 | 537, VAS | PS503 | 15/02/2017 | 25/11/2014 | FPS Books |